00528 2200193 4500001002100000005001500021008004100036020002200077035001900099041000700118082000800125090001400133100002000147245005200167260003700219300003700256500001100293650003000304INLIS00000000000456020241224112932241224||||||||| | ||| |||| || |  a978-979-15038-7-7 0010-1224004560 aid0 a638 a638 ROS r0 aROSDIANA NATZIR00aRacun Lebah Madu: Aspek Biokimia dan Terapeutik aMakassarbPUSTAKA AL-ZIKRAc2013 a21x14,5 cm, xiv, 90 hlm.; ilus.: aCet. 2 0aIlmu-ilmu terapan -- Madu